Women in Power the Secrets of leadership (Record no. 11987)
[ view plain ]
| 000 -LEADER | |
|---|---|
| fixed length control field | 00286nam a22001217a 4500 |
| 020 ## - INTERNATIONAL STANDARD BOOK NUMBER | |
| ISBN | 039553755X |
| 082 ## - DEWEY DECIMAL CLASSIFICATION NUMBER | |
| Classification number | 303.34 |
| 100 ## - MAIN ENTRY--AUTHOR NAME | |
| Personal name | Dianne Feinstein |
| 245 ## - TITLE STATEMENT | |
| Title | Women in Power the Secrets of leadership |
| 260 ## - PUBLICATION, DISTRIBUTION, ETC. (IMPRINT) | |
| Place of publication | New York |
| Name of publisher | Mifflin Company |
| Year of publication | 1992 |
| 300 ## - PHYSICAL DESCRIPTION | |
| Number of Pages | 315 |
| 942 ## - ADDED ENTRY ELEMENTS (KOHA) | |
| Koha item type | Books |
| Withdrawn status | Lost status | Permanent Location | Current Location | Date acquired | Full call number | Accession Number | Koha item type |
|---|---|---|---|---|---|---|---|
| | | MAJU | MAJU | 2019-09-26 | 303.34 | Av1166 | Books |